| 000 | 00695nam a2200205 i 4500 | ||
|---|---|---|---|
| 001 | 90159 | ||
| 003 | ES-MaACL | ||
| 007 | t| | ||
| 008 | 050119s1986 sp ||||1| spa d | ||
| 020 | _a84-7476-102-6 | ||
| 100 | 1 |
_aLechner, Norbert. _971077 |
|
| 245 | 1 | 3 |
_aLa conflictiva y nunca acabada construcción del orden deseado / _cpor Norbert Lechner. |
| 250 | _a1ª ed. | ||
| 260 |
_aMadrid : _bCentro de Investigaciones Sociológicas : _bSiglo XXI de España, _c1986. |
||
| 300 |
_a179 p. ; _c21 cm. |
||
| 490 | 1 |
_aMonografías ; _v91 |
|
| 830 | 0 | 0 |
_aMonografías (Centro de Estudios Benaventanos "Ledo del Pozo") _v91 _9177262 |
| 852 |
_aES-MaACL _jB-2019 _bR.115162 |
||
| 999 |
_c90159 _d90159 |
||